| 000 | 01256nam a22002417a 4500 | ||
|---|---|---|---|
| 999 |
_c60839 _d60839 |
||
| 003 | Ge_BSU | ||
| 005 | 20231106160307.0 | ||
| 008 | 231106s2023 ge ||||| |||| 00| 0 geo d | ||
| 020 | _a9789941853500 | ||
| 041 | _ageo | ||
| 080 | _a82.0(479.22)(082) ე-56 | ||
| 245 |
_aელიზბარ ჯაველიძე 85 : _b[წერილები] / _cრედაქტორი ნ. ლ. ჯაველიძე. |
||
| 264 |
_aთბილისი, _c2023. |
||
| 300 |
_a206 გვ. : _bფოტ. ; _c25 სმ. |
||
| 500 | _aიბეჭდება საქართველოს მეცნიეებათა ეროვნული აკადემიის საგამომცემლო-სარედაქციო საბჭოს გადაწყვეტილწებით | ||
| 653 | _aჯაველიძე, ელიზბარ | ||
| 653 | _aქართველი ფილოლოგები | ||
| 653 | _aქართული მემუარული ლიტერატურა | ||
| 653 | _aმილოცვები | ||
| 700 |
_aჯაველიძე, ნ. ლ. _eრედაქტორი. _920287 |
||
| 773 | _tნაჩუქარი | ||
| 942 |
_2udc _cᲬᲘᲒᲜᲘ |
||